|
|
|
|
| LEADER |
00000nlm0a2200000 4500 |
| 001 |
637731 |
| 005 |
20231101133957.0 |
| 029 |
1 |
0 |
|a RU
|b 814053
|c А. с.
|d МПК G 01 R 23/04
|
| 035 |
|
|
|a (RuTPU)RU\TPU\network\1899
|
| 035 |
|
|
|a RU\TPU\network\1890
|
| 039 |
0 |
|
|a RU
|b 2666919
|c 19780922
|
| 090 |
|
|
|a 637731
|
| 100 |
|
|
|a 20141014j19820215k y0rusy50 ca
|
| 101 |
0 |
|
|a rus
|
| 102 |
|
|
|a RU
|
| 105 |
|
|
|a a k 000zy
|
| 135 |
|
|
|a drmn ---uucaa
|
| 181 |
|
0 |
|a i
|
| 182 |
|
0 |
|a b
|
| 200 |
1 |
|
|a Устройство для измерения сверхвысоких частот
|f В. И. Зеленцов, Г. В. Мельников, Ю. Г. Юшков
|g Томский политехнический институт (ТПИ), Научно-исследовательский институт ядерной физики, электроники и автоматики (НИИ ЯФЭА)
|
| 203 |
|
|
|a Текст
|c электронный
|
| 300 |
|
|
|a опубл. 15.02.82
|
| 330 |
|
|
|a Изобретение относится к технике СВЧ.
|
| 610 |
1 |
|
|a патенты
|
| 610 |
1 |
|
|a труды учёных ТПУ
|
| 610 |
1 |
|
|a сверхвысокие частоты
|
| 610 |
1 |
|
|a СВЧ-техника
|
| 610 |
1 |
|
|a волноводы
|
| 610 |
1 |
|
|a электронный ресурс
|
| 610 |
1 |
|
|a авторские свидетельства
|
| 700 |
|
1 |
|a Зеленцов
|b В. И.
|
| 701 |
|
1 |
|a Мельников
|b Г. В.
|c российский физик
|c старший научный сотрудник НИИ ядерной физики Томского политехнического университета, кандидат физико-математических наук
|f 1953-2010
|g Геннадий Васильевич
|2 stltpush
|3 (RuTPU)RU\TPU\pers\25680
|
| 701 |
|
1 |
|a Юшков
|b Ю. Г.
|c электрофизик
|c профессор Томского политехнического университета, доктор технических наук
|f 1937-
|g Юрий Георгиевич
|2 stltpush
|3 (RuTPU)RU\TPU\pers\22023
|
| 712 |
0 |
2 |
|a Томский политехнический институт (ТПИ)
|b Научно-исследовательский институт ядерной физики, электроники и автоматики (НИИ ЯФЭА)
|c (1958-1975)
|2 stltpush
|3 (RuTPU)RU\TPU\col\12423
|
| 801 |
|
1 |
|a RU
|b 63413507
|c 20120201
|
| 801 |
|
2 |
|a RU
|b 63413507
|c 20160608
|g RCR
|
| 856 |
4 |
|
|u http://www1.fips.ru/fips_servl/fips_servlet?DB=RUPAT&rn=5754&DocNumber=814053&TypeFile=html
|
| 942 |
|
|
|c CF
|